000 00759nam a2200253Ia 4500
003 OSt
005 20220923230430.0
006 a|||||r|||| 00| 0
007 ta
008 Pun
020 _c140
024 _a281,828
037 _b864, 14/08/2014, H.K. Prakashan
_cTextual
040 _aARTS
_cARTS
_bPun
041 _2Pun
_aPun
082 _aO153,3NKA,PA, P7
100 _aਰਜਿੰਦਰ ਕੌਰ
_9156278
245 0 _aਪਰਤਾਂ
260 _aਦਿੱਲੀ
_b ਪੰਜਾਬੀ ਸਭਿਆਚਾਰ
_c2007
300 _a128ਪੰ
_ccm.
650 _aਪੰਜਾਬੀ ਸਾਹਿਤ
942 _hO153,3NKA,PA, P7
_cTEXL
_2CC
999 _c384762
_d384762